Statystyki dla Co Można robić aby się nie nudzić?

Kliknij tutaj aby rozwiązać quiz!

Ogólne statystyki

  • Ten quiz został rozwiązany 105 razy
  • Średni wynik to 3 z 13

Statystyki odpowiedzi

Odpowiedź% Poprawnych
Czytać
71%
Oglądać Film
44%
Gotować | Robić Ciasto
41%
Rysować | Malować
40%
Słuchać Muzyki
35%
Iść na spacer
26%
Grać w Piłkę
21%
Ćwiczyć
14%
Grać w Grę
14%
Układać Puzzle
4%
Malować Paznokcie
1%
Rozmawiać ze znajomymi
1%
Robić porządek w szafie
0%

Rozkład punktacji

Percentyl według liczby udzielonych odpowiedzi

Procent ludzi z każdym wynikiem

Twoja historia wyników

Nie rozwiązałeś tego quizu